02018nam a2200361 a 4500001001200000003000800012006001900020007001500039008004100054010001700095020002900112020002700141040002100168035002100189050002300210082001700233100002100250245013000271250001200401260006800413300002800481500013400509504005100643505047500694533015201169650003601321655002901357700003501386700007301421710001701494856012601511999001901637ebr10671585CaPaEBRm u cr cn|||||||||121024s2013 caua sb 001 0 eng d z 2012043408 z9781118466469 (hardback) z9781118466742 (e-book) aCaPaEBRcCaPaEBR a(OCoLC)81583608114aRA971b.G56 2013eb04a362.10682231 aGinter, Peter M.10aStrategic management of health care organizationsh[electronic resource] /cPeter M. Ginter, W. Jack Duncan, Linda E. Swayne. a7th ed. aSan Francisco, Calif. :bJohn Wiley & Sons/Jossey-Bass,cc2013. axi, 463 p. :bcol. ill. aRev. ed. of: Strategic management of health care organizations / Linda E. Swayne, W. Jack Duncan, Peter M. Ginter. 6th ed. c2008. aIncludes bibliographical references and index.0 aThe nature of strategic management -- Understanding and analyzing the general environment and the health care environment -- Service area competitor analysis -- Internal environmental analysis and competitive advantage -- Directional strategies -- Developing strategic alternatives -- Evaluation of alternatives and strategic choice -- Value adding service delivery strategies -- Value adding support strategies -- Communicating the strategy and developing action plans. aElectronic reproduction.bPalo Alto, Calif. :cebrary,d2013.nAvailable via World Wide Web.nAccess may be limited to ebrary affiliated libraries. 0aHealth services administration. 7aElectronic books.2local1 aDuncan, W. Jackq(Walter Jack)1 aSwayne, Linda E.tStrategic management of health care organizations.2 aebrary, Inc.40uhttp://site.ebrary.com/lib/rucke/Doc?id=10671585zAn electronic book accessible through the World Wide Web; click to view c176700d176700